Cracking the coding interview : 189 programming questions and solutions /

Dettagli Bibliografici
Autore principale: McDowell, Gayle Laakmann
Natura: Libro
Lingua:English
Pubblicazione: Palo Alto : CareerCup, 2015
Edizione:Sixth edition.
Soggetti:
Classic Catalogue: View this record in Classic Catalogue
LEADER 03611nam a2200409 a 4500
001 31905
003 BD-DhAAL
005 20250121150900.0
008 170725s2015 cau||||| |||| 00| 0 eng d
020 |a 9780984782857 
020 |a 9780984782864 
040 |a BD-DhAAL  |c BD-DhAAL 
082 |a 005.1028  |2 23 
100 |a McDowell, Gayle Laakmann   |9 21859 
245 |a Cracking the coding interview :  |b 189 programming questions and solutions /  |c Gayle Laakmann McDowell 
250 |a Sixth edition. 
260 |a Palo Alto :  |b CareerCup,  |c 2015 
300 |a x, 696 pages ;  |a ix, 542 pages :  |b illustrations,  |c 26 cm. 
526 |a CSE 
541 |a Hye Trade International  |e 31905, 31906, 37048, 37049, 37050, 37051, 37052, 37053, 37054, 37055, 37056, 37057 
650 |a Computer programming  |x Problems, exercises, etc.  |9 21860 
650 |a Computer science.  |9 42424 
852 |a Ayesha Abed Library  |c General Stacks 
942 |2 ddc  |c BK 
999 |c 38200  |d 38200 
952 |0 0  |1 0  |2 ddc  |4 0  |6 005_102800000000000_MCD  |7 0  |9 60925  |a BRACUL  |b BRACUL  |c GEN  |d 2017-07-23  |e Karim International  |g 3980.00  |l 26  |m 109  |o 005.1028 MCD  |p 3010031906  |r 2026-04-18  |s 2026-03-04  |t 2  |v 3980.00  |w 2017-07-23  |y BK 
952 |0 0  |1 0  |2 ddc  |4 0  |6 005_102800000000000_MCD  |7 0  |9 60926  |a BRACUL  |b BRACUL  |c GEN  |d 2017-07-23  |e Karim International  |g 3980.00  |l 14  |m 237  |o 005.1028 MCD  |p 3010031905  |q 2026-06-02  |r 2026-02-19  |s 2026-02-19  |t 1  |v 3980.00  |w 2017-07-23  |y BK 
952 |0 0  |1 0  |2 ddc  |4 0  |6 005_102800000000000_MCD  |7 0  |9 67840  |a BRACUL  |b BRACUL  |c GEN  |d 2020-02-06  |e Hye Trade International  |g 1599.00  |l 10  |m 74  |o 005.1028 MCD  |p 3010037051  |q 2025-08-26  |r 2024-02-22  |s 2024-02-22  |t 6  |v 1599.00  |w 2020-02-06  |y BK 
952 |0 0  |1 0  |2 ddc  |4 0  |6 005_102800000000000_MCD  |7 0  |9 67841  |a BRACUL  |b BRACUL  |c GEN  |d 2020-02-06  |e Hye Trade International  |g 1599.00  |l 12  |m 112  |o 005.1028 MCD  |p 3010037057  |q 2026-05-20  |r 2025-09-24  |s 2025-09-24  |t 12  |v 1599.00  |w 2020-02-06  |y BK 
952 |0 0  |1 0  |2 ddc  |4 0  |6 005_102800000000000_MCD  |7 0  |9 67842  |a BRACUL  |b BRACUL  |c GEN  |d 2020-02-06  |e Hye Trade International  |g 1599.00  |l 11  |m 139  |o 005.1028 MCD  |p 3010037054  |r 2026-03-02  |s 2025-10-22  |t 9  |v 1599.00  |w 2020-02-06  |y BK 
952 |0 0  |1 0  |2 ddc  |4 0  |6 005_102800000000000_MCD  |7 0  |9 67843  |a BRACUL  |b BRACUL  |c GEN  |d 2020-02-06  |e Hye Trade International  |g 1599.00  |l 11  |m 124  |o 005.1028 MCD  |p 3010037050  |r 2026-05-20  |s 2026-04-18  |t 5  |v 1599.00  |w 2020-02-06  |y BK 
952 |0 0  |1 0  |2 ddc  |4 0  |6 005_102800000000000_MCD  |7 0  |9 67844  |a BRACUL  |b BRACUL  |c GEN  |d 2020-02-06  |e Hye Trade International  |g 1599.00  |l 8  |m 118  |o 005.1028 MCD  |p 3010037053  |r 2026-04-08  |s 2025-09-20  |t 8  |v 1599.00  |w 2020-02-06  |y BK 
952 |0 0  |1 0  |2 ddc  |4 0  |6 005_102800000000000_MCD  |7 0  |9 67845  |a BRACUL  |b BRACUL  |c GEN  |d 2020-02-06  |e Hye Trade International  |g 1599.00  |l 11  |m 124  |o 005.1028 MCD  |p 3010037052  |r 2026-05-20  |s 2026-01-03  |t 7  |v 1599.00  |w 2020-02-06  |y BK 
952 |0 0  |1 0  |2 ddc  |4 0  |6 005_102800000000000_MCD  |7 0  |9 67846  |a BRACUL  |b BRACUL  |c GEN  |d 2020-02-06  |e Hye Trade International  |g 1599.00  |l 9  |m 116  |o 005.1028 MCD  |p 3010037055  |q 2026-06-02  |r 2026-02-19  |s 2026-02-19  |t 10  |v 1599.00  |w 2020-02-06  |y BK 
952 |0 0  |1 0  |2 ddc  |4 0  |6 005_102800000000000_MCD  |7 0  |9 67847  |a BRACUL  |b BRACUL  |c GEN  |d 2020-02-06  |e Hye Trade International  |g 1599.00  |l 8  |m 93  |o 005.1028 MCD  |p 3010037048  |q 2026-04-29  |r 2025-12-06  |s 2025-12-06  |t 3  |v 1599.00  |w 2020-02-06  |y BK 
952 |0 0  |1 0  |2 ddc  |4 0  |6 005_102800000000000_MCD  |7 0  |9 67848  |a BRACUL  |b BRACUL  |c GEN  |d 2020-02-06  |e Hye Trade International  |g 1599.00  |l 11  |m 132  |o 005.1028 MCD  |p 3010037056  |r 2025-12-30  |s 2025-06-30  |t 11  |v 1599.00  |w 2020-02-06  |y BK 
952 |0 0  |1 0  |2 ddc  |4 0  |6 005_102800000000000_MCD  |7 0  |9 67849  |a BRACUL  |b BRACUL  |c GEN  |d 2020-02-06  |e Hye Trade International  |g 1599.00  |l 7  |m 137  |o 005.1028 MCD  |p 3010037049  |r 2026-01-04  |s 2025-06-20  |t 4  |v 1599.00  |w 2020-02-06  |y BK